Alles mit L - Geographie - Statistiken

Allgemein
  • Dieses Quiz wurde 282 mal gespielt
  • Das Durchschnittsergebnis liegt bei 21 aus 37
Antwortstatistiken
Hint Antwort % Korrekt
Lettland
92%
Litauen
92%
Luxemburg
91%
Luxemburg
91%
bekannter schottischer See mit Ungeheuer Loch Ness
87%
Liechtenstein
86%
Länder Laos
85%
Liberia
81%
Region in Nordeuropa, wo die Schneekönigin herkommen könnte Lappland
77%
Libyen
77%
Einziger USA-Bundesstaat mit L Louisiana
76%
Libanon
74%
Lesotho
73%
Deutsche Städte 100 000+ Leipzig
70%
Nebenfluss des Rheins in Hessen, NRW und RP Lahn
64%
Lissabon
64%
Norditalienische Region, Hauptstadt Mailand Lombardei
62%
London
62%
Strom in Sibirien Lena
55%
Lima
55%
Leverkusen
50%
Hauptstadt des autonomen Gebietes Tibet Lhasa
50%
Ludwigshafen am Rhein
50%
Nebenfluss der Aller Leine
47%
Lübeck
46%
Ljubljana
45%
Luanda
43%
Nebenfluss des Rheins in NRW Lippe
38%
oberitalienischer See Lago Maggiore
37%
Region in Deutschland und Polen, wo auch Sorbisch gesprochen wird Lausitz
35%
größter See Europas in Russland Ladogasee
32%
Lusaka
29%
Lome
27%
Hauptstädte Libreville
26%
Lilongwe
24%
vierthöchster 8000er Lhotse
16%
vierthöchster Berg Deutschlandsim Wettersteingebirge Leutascher Dreitorspitze
2%
Keine übereinstimmenden Quizze gefunden
Verteilung der Resultate
Anzahl Personen mit jedem Resultat
Perzentil nach korrekt beantworteten Fragen
Ihre Resultats-Entwicklung
Sie haben dieses Quiz noch nicht gespielt